Latin Stilusgyakorlatok I. Rész

Bibliographic Details
Main Authors: Černý, Karol, 1837-1909 (Author, Author of introduction, etc.), Dávid, Štefan, 1838-1928 (Author, Author of introduction, etc.)
Corporate Author: K. F. Wigand, úč. spol. (Bratislava, Slovensko) (Printer)
Format: Book
Language:Hungarian
Latin
PhysicalDescription:[6], 119, 37 s. 21 cm
Published: Pozsony Budapest Kiadja Stampfel Károly cs. és kir. udvari és kir. akad. könyvkereskedő 1901
Edition:Ötödik javított, részban bővített s a gymnasiumi tanítás új tervéhez alkalmazott, megváltozott kiiadás
Subjects:

MARC

LEADER 00000nam a2200000na 4500
001 vtls011495719
003 SK-MaSNL
005 20260301180003.0
008 240318s1901 xo 0 an0 hun
015 |a SNBA1901 
020 |q (viaz.) 
040 |a SNK  |b slo  |c SNK  |e AACR2 
041 0 |a hun  |a lat 
044 |a xo  |c SK 
072 7 |a 811.124  |x Latinčina  |2 konspekt 
080 |a 811.124  |2 2001 
100 1 |a Černý, Karol,  |d 1837-1909  |4 aut  |9 124072 
245 1 0 |a Latin Stilusgyakorlatok  |a A Gymnasiumok Középosztályai Különösen Az V-dik Osztály Számára  |n I. Rész  |c Szerkesztettek Cserny Károly És Dávid István Pozsonyi Budapesti Főgymn. Tanárok 
250 |a Ötödik javított, részban bővített s a gymnasiumi tanítás új tervéhez alkalmazott, megváltozott kiiadás 
260 |a Pozsony  |a Budapest  |b Kiadja Stampfel Károly cs. és kir. udvari és kir. akad. könyvkereskedő  |c 1901  |e Pozsonyban  |f Wigand F.K. könyvnyomója 
300 |a [6], 119, 37 s.  |c 21 cm 
508 |a Predslov zostavovateľov 
648 7 |a 20. stor.  |2 SNKPH  |9 275975 
650 0 7 |a latinčina  |2 SNKPH  |9 3501 
650 0 7 |a štalistika  |2 SNKPH  |9 550626 
655 7 |a učebnice  |2 SNKPH  |9 22521 
700 1 |a Černý, Karol,  |d 1837-1909  |4 aui  |9 124072 
700 1 |a Dávid, Štefan,  |d 1838-1928  |4 aut  |4 aui  |9 124073 
700 1 |a Stampfel, Karol,  |d 1856-1938  |4 pbl  |9 174791 
710 0 |a K. F. Wigand, úč. spol. (Bratislava, Slovensko),  |d 1867-1950  |4 prt  |9 269496 
752 |a Slovensko  |d Bratislava 
752 |a Maďarsko  |d Budapešť 
852 |a SNK  |p SC 10228/1 
958 |a ONDV 
999 |c 844713  |d 846643 
952 |a SNK  |b SNK  |y VYP  |7 0  |p 17A1298678  |o snkSC 10228/1 D1  |i snkF 2976/1967  |8 5  |0 0  |1 0  |4 0  |d 2017-08-07  |l 0  |r 2026-02-24 04:23:11  |w 2026-02-24 
952 |a SNK  |b SNK  |y PREZ  |7 0  |p 17A0805770  |o snkSC 10228/1  |i snkKSF 3608/57  |8 5  |0 0  |1 0  |4 0  |d 2016-02-19  |l 0  |r 2025-07-09 00:00:00  |w 2026-02-24